000 01348nam a22003617a 4500
003 CHAP
005 20220329135547.0
008 971013s1980 r 00010 d
010 _a38509
011 _a39481
035 _a43602
040 _cCHAP
082 _a631.3
_bE82 1980
110 _aEspaña. Ministerio de Agricultura
_937710
245 _aDiez temas sobre maquinaria y mecanización
250 _a2 ed.
260 _aMadrid :
_bMinisterio de Agricultura,
_c1980
300 _a2 v.
_b: ilus.
490 _aPublicaciones de extensión agraria
590 _aBATCH-UPD
_b10
_c20130110
_lUCH01
_h1622
590 _aBATCH-UPD
_b10
_c20130410
_lUCH01
_h1017
590 _aBATCH-UPD
_b10
_c20130914
_lUCH01
_h1758
590 _aCONVERSION
_b10
_c20130109
_lUCH01
_h1321
650 1 4 _aMaquinaria agrícola.
_971151
650 1 4 _aMecanización agrícola.
_973801
830 0 _aPublicaciones de extensión agraria
_992675
901 _aBK
942 _cLIBRO
949 _a631.3 E82 1980
_bBC
_cLIBRO
_d33724000057352
_eLIBRO
_fv.1
_h57106
_i43602
_si
_t192.00
949 _a631.3 E82 1980
_bBC
_cLIBRO
_d33724000057378
_eLIBRO
_fv.2
_h57108
_i43602
_si
_t192.00
949 _a631.3 E82 1980
_bBC
_cLIBRO
_d33724000057386
_eLIBRO
_fv.2 c.2
_h57109
_i43602
_si
_t192.00
949 _a631.3 E82 1980
_bBC
_cLIBRO
_d33724000905188
_eLIBRO
_fv.1 c.2
_h57107
_i43602
_si
_t192.00
999 _c38509
_d38509